[Event "FRA-chT 0102 U18"]
[Site "France"]
[Date "2002.01.04"]
[Round "4.8"]
[White "Apra, Benjamin"]
[Black "Chaudret, Erick"]
[Result "0-1"]
[WhiteElo "1320"]
[BlackElo "1180"]
[PlyCount "74"]
[EventDate "2001.10.??"]
[EventType "team"]
[EventRounds "11"]
[EventCountry "FRA"]
[SourceTitle "EXT 2003"]
[Source "ChessBase"]
[SourceDate "2002.11.25"]
[SourceVersion "1"]
[SourceVersionDate "2002.11.25"]
[SourceQuality "1"]
[WhiteTeam "Neuilly"]
[BlackTeam "Cannes"]
[WhiteTeamCountry "FRA"]
[BlackTeamCountry "FRA"]

1. e4 d5 2. Nc3 Nf6 3. Qf3 Bg4 4. Qd3 dxe4 5. Nxe4 Qxd3 6. Bxd3 Nxe4 7. Bxe4 Nc6 8. Nf3 e5 9. h3 Bxf3 10. gxf3 0-0-0 11. d3 Nd4 12. Rb1 Nxc2+ 13. Kd1 Nd4 14. Be3 g6 15. Bxd4 Rxd4 16. Rc1 f5 17. Bxf5+ gxf5 18. Re1 Rxd3+ 19. Ke2 e4 20. fxe4 fxe4 21. Rf1 Bh6 22. Rc4 Rhd8 23. f3 exf3+ 24. Rxf3 Rd2+ 25. Ke1 Re8+ 26. Kf1 Rf8 27. Rxf8+ Bxf8 28. Rf4 Bc5 29. Rf5 Bb6 30. Rf8+ Rd8 31. Rf7 Rd7 32. Rf5 c6 33. Rh5 Rf7+ 34. Ke2 Rf2+ 35. Kd3 Rxb2 36. Ke4 Rxa2 37. Ke5 Ra5+ 0-1

[Event "FRA-chT 0102 U18"]
[Site "France"]
[Date "2002.01.04"]
[Round "4.9"]
[White "Chaudret, Erick"]
[Black "Perusseau, Clement"]
[Result "0-1"]
[WhiteElo "1009"]
[BlackElo "1320"]
[PlyCount "56"]
[EventDate "2001.10.??"]
[EventType "team"]
[EventRounds "11"]
[EventCountry "FRA"]
[SourceTitle "EXT 2003"]
[Source "ChessBase"]
[SourceDate "2002.11.25"]
[SourceVersion "1"]
[SourceVersionDate "2002.11.25"]
[SourceQuality "1"]
[WhiteTeam "Cannes"]
[BlackTeam "Neuilly"]
[WhiteTeamCountry "FRA"]
[BlackTeamCountry "FRA"]

1. e4 e5 2. Nf3 Nc6 3. Bb5 Nf6 4. 0-0 Bc5 5. Re1 Ng4 6. d4 exd4 7. Bxc6 dxc6 8. c3 d3 9. Be3 Bxe3 10. fxe3 b6 11. h3 h5 12. hxg4 hxg4 13. Ne5 g3 14. Qxd3 Qf6 15. Nf3 Bg4 16. Qd4 Qh6 17. Qe5+ Kf8 18. Kf1 Qh1+ 19. Ng1 Rh6 20. Nd2 Rf6+ 21. Ndf3 Bxf3 22. gxf3 Rxf3+ 23. Ke2 Qg2+ 24. Kd1 Rd8+ 25. Kc1 Rf2 26. Qxc7 Rc2+ 27. Kb1 Rxb2+ 28. Kc1 Qc2# 0-1

[Event "FRA-chT 0102 U18"]
[Site "France"]
[Date "2001.11.25"]
[Round "2.8"]
[White "Chaudret, Erick"]
[Black "Laussac, Stephane"]
[Result "0-1"]
[WhiteElo "1320"]
[BlackElo "1330"]
[PlyCount "114"]
[EventDate "2001.10.??"]
[EventType "team"]
[EventRounds "11"]
[EventCountry "FRA"]
[SourceTitle "EXT 2003"]
[Source "ChessBase"]
[SourceDate "2002.11.25"]
[SourceVersion "1"]
[SourceVersionDate "2002.11.25"]
[SourceQuality "1"]
[WhiteTeam "Cannes"]
[BlackTeam "Hyeres"]
[WhiteTeamCountry "FRA"]
[BlackTeamCountry "FRA"]

1. e4 e6 2. d4 d5 3. e5 c5 4. c3 Nc6 5. Nf3 Qb6 6. Bd3 cxd4 7. cxd4 Bd7 8. 0-0 Nxd4 9. Nxd4 Qxd4 10. Nc3 Qxe5 11. Re1 Qd6 12. Nb5 Qb6 13. Nc3 Nf6 14. Bg5 Be7 15. Bxf6 Bxf6 16. Nxd5 Qd8 17. Qf3 Rb8 18. Nxf6+ Qxf6 19. Qxf6 gxf6 20. Rac1 Rc8 21. f4 0-0 22. Rcd1 f5 23. h3 a6 24. g4 fxg4 25. hxg4 h6 26. f5 exf5 27. Bxf5 Bxf5 28. gxf5 Rfe8 29. Rxe8+ Rxe8 30. Rd7 Re5 31. f6 Re6 32. Rxb7 Rxf6 33. Ra7 Kg7 34. a4 Kg6 35. b4 Rb6 36. a5 Rxb4 37. Rxa6+ Kg7 38. Rb6 Ra4 39. Rb5 f6 40. Kf2 Kg6 41. Ke3 f5 42. Rb6+ Kg5 43. a6 h5 44. Kd3 f4 45. Kc3 h4 46. Kb3 Ra5 47. Kb4 Ra1 48. Kb5 h3 49. Kc6 h2 50. Rb5+ Kg4 51. Kb7 h1Q+ 52. Kb8 Rxa6 53. Rb7 Qh8+ 54. Kc7 Qg7+ 55. Kb8 Qf8+ 56. Kc7 Qe7+ 57. Kb8 Qd8# 0-1

[Event "FRA-chT 0102 U18"]
[Site "France"]
[Date "2001.11.24"]
[Round "1.10"]
[White "Levy, Melvin"]
[Black "Chaudret, Erick"]
[Result "0-1"]
[WhiteElo "1090"]
[BlackElo "1320"]
[PlyCount "96"]
[EventDate "2001.10.??"]
[EventType "team"]
[EventRounds "11"]
[EventCountry "FRA"]
[SourceTitle "EXT 2003"]
[Source "ChessBase"]
[SourceDate "2002.11.25"]
[SourceVersion "1"]
[SourceVersionDate "2002.11.25"]
[SourceQuality "1"]
[WhiteTeam "Nice"]
[BlackTeam "Cannes"]
[WhiteTeamCountry "FRA"]
[BlackTeamCountry "FRA"]

1. d4 d5 2. Nc3 Nc6 3. Bf4 Nf6 4. Nb5 e5 5. dxe5 Nh5 6. Be3 a6 7. Nc3 d4 8. g4 dxe3 9. Qxd8+ Kxd8 10. gxh5 exf2+ 11. Kxf2 Nxe5 12. Rd1+ Bd6 13. Ne4 Ng4+ 14. Kf3 Ke7 15. Bh3 Nxh2+ 16. Kg2 Bxh3+ 17. Kxh3 f5 18. Nxd6 cxd6 19. Kxh2 g5 20. Nf3 g4 21. Kg3 gxf3 22. exf3 Rhg8+ 23. Kf2 f4 24. Rde1+ Kd7 25. Rh4 Rg3 26. Rxf4 Rag8 27. Rf7+ Kc6 28. Rxh7 Rg2+ 29. Ke3 Re8+ 30. Kd3 Rxe1 31. h6 Rge2 32. Rh8 Re8 33. Rh7 R1e3+ 34. Kd4 Rxf3 35. Rg7 Rff8 36. c4 Rh8 37. Rg6 Reg8 38. Re6 Rg4+ 39. Ke3 Rh4 40. b4 R8xh6 41. c5 Rxe6+ 42. Kd3 dxc5 43. bxc5 Kxc5 44. Kc3 Re3+ 45. Kd2 Kd4 46. Kc2 Rh2+ 47. Kd1 Kd3 48. Kc1 Re1# 0-1